Episode dans lequel chaque Mugiwara a rejoint et quitté l'équipage - Statistiques

Statistiques générales
  • Ce quiz a été pris 15 fois
  • Le résultat moyen est 8 sur 19
Statistiques - réponses
Hint Réponse % Correct
Zoro rejoint l'équipage 3
100%
Robin rejoint l'équipage 130
75%
Sanji quitte l'équipage pour lui
épargner de se battre contre Big Mom
764
75%
Chopper rejoint l'équipage 91
63%
Usopp rejoint l'équipage 17
50%
Chopper quitte l'équipage pour rejoindre
celui de Foxy
210
50%
Sanji rejoint léquipage 30
50%
Usopp rejoint l'équipage après s'être
excusé auprès de l'équipage
323
50%
Brook rejoint l'équipage 381
50%
Robin rejoint l'équipage après l'arrivée
de Luffy à Enies Lobby
310
38%
Franky rejoint l'équipage 322
38%
Sanji rejoint l'équipage après les
évènements de Whole Cake Island
825
38%
Jinbe rejoint l'équipage 833
38%
Robin quitte l'équipage pour rejoindre
celui de Foxy
213
25%
Usopp quitte l'équipage suite à un
désaccord avec Luffy sur le Merry
236
25%
Robin quitte l'équipage pour suivre le
CP9
240
25%
Chopper rejoint l"équipage après la
victoire de Luffy contre Foxy
215
13%
Robin rejoint l"équipage après la
victoire de Luffy contre Foxy
217
13%
Nami rejoint l'équipage 44
13%
Aucun quiz correspondant
Distribution des résultats
% des personnes avec chaque résultat
Percentile par nombre de réponses
Votre historique - résultats
Vous n’avez pas pris ce quiz